Les guerres de l'histoire de France jusqu'en 1792 - Statistiques

Statistiques générales
  • Ce quiz a été pris 121 fois
  • Le résultat moyen est 23 sur 56
Statistiques - réponses
Date Ennemi Nom France et ses alliés éventuels % Correct
1337-1453 Royaumes d'Angleterre, de Portugal, de Navarre, duchés de Bourgogne, de Bretagne, d'Aquitaine et de Luxembourg, comtés de Flandre et de Hainaut Guerre de {Cent} {Ans} Royaumes de France, de Castille, d'Ecosse, de Bohême, d'Aragon, duché de Bretagne, Comté de Champagne et République de Gênes
87%
1756-1763 Royaumes de Prusse, d'Angleterre, de Portugal, landgraviat de Hesse et électorat de Brunswick Guerre de {sept} {ans} Royaume de France, de Suède, d'Espagne et de Naples, archiduché d'Autriche, république des Deux Nations, duché de Wurtemberg, Saint-Empire, empire russe et électorat de Saxe
76%
1701-1714 Saint-Empire, archiduché d'Autriche, Royaume d'Angleterre, de Prusse, de Portugal et d'Aragon, duché de Savoie et Provinces Unies Guerre de succession d'{Espagne} Royaumes de France, de Castillet et de Léon, électorats de Bavière et de Cologne
74%
1552-1556 Saint-Empire, royaume d'Espagne et république de Gênes 10e Guerre d'{Italie} Royaume de France, empire Ottoman et république de Sienne
71%
1557-1559 Saint-Empire, royaumes d'Espagne et d'Angleterre, duché de Savoie, républiques de Gênes et de Florence 11e Guerre d'{Italie} Royaume de France, empire Ottoman et république de Sienne
71%
1494-1497 Royaumes de Naples, d'Aragon, de Castille, République de Venise, Saint-Empire, Etats pontificaux et duché de Milan 1ère Guerre d'{Italie} Royaume de France et duché de Milan (en 1494)
71%
1499-1500 Duché de Milan 2e Guerre d'{Italie} Royaume de France et République de Venise
71%
1501-1504 Royaumes de Naples et d'Aragon 3e Guerre d'{Italie} Royaume de France
71%
1508-1513 République de Venise, Royaumes d'Aragon, d'Angleterre, cantons suisses et Etats pontificaux 4e Guerre d'{Italie} Royaumes de France et de Navarre, Saint-Empire, duché de Ferrare et Etats pontificaux (1508-1510)
71%
1515-1516 Duché de Milan, cantons suisses, Saint-Empire, royaume d'Aragon et Etats pontificaux 5e Guerre d'{Italie} Royaume de France
71%
1521-1525 Saint-Empire, Royaumes d'Espagne et d'Angleterre, Etats pontificaux 6e Guerre d'{Italie} Royaume de France et république de Venise
71%
1526-1530 Saint-Empire, royaume d'Espagne et république de Gênes 7e Guerre d'{Italie} Royaumes de France et d'Angleterre, Etats pontificaux, républiques de Venise et de Florence et duché de Milan
71%
1535-1538 Saint-Empire et royaume d'Espagne 8e Guerre d'{Italie} Royaume de France et empire Ottoman
71%
1542-1544 Saint-Empire et royaumes d'Espagne et d'Angleterre 9e Guerre d'{Italie} Royaumes de France et d'Ecosse et empire Ottoman
71%
1624-1625 Saint-Empire, Royaume d'Espagne, République de Gênes, duché de Savoie Guerre d'{Italie} Royaume de France, république de Venise, Provinces Unies
71%
1775-1783 Royaume d'Angleterre, landgraviat de Hesse, principautés de Waldeck et de Brunswick, tribus indiennes Guerre d'indépendance des {Etats-Unis} 13 colonies américaines, royaumes de France,d'Espagne, Provinces Unies, royaume de Mysore et tribus indiennes
70%
1618-1648 Saint-Empire, Royaumes d'Espagne, de Porgugal, de Hongrie, de Croatie et de Danemark (1643-1645), archiduché d'Autriche, Electorat de Bavière Guerre de {trente} {ans} Royaumes de France, de Suède, de Bohême, de Hongrie, de Danemark, Provinces Unies, Electorat de Saxe, Palatinat du Rhin, Brandebourg-Prusse, cosaques zaporogues
69%
1740-1748 Saint-Empire, Royaumes d'Angleterre et de Sardaigne, empire russe, électorat de Bavière, de Saxe et de Brunswick, Provinces Unies Guerre de succession d'{Autriche} Royaumes de France, de Prusse, d'Espagne, des Deux-Siciles et de Suède et électorats de Bavière (1745-1748) et de Saxe (1743-1745) et Provinces Unies
66%
755-758 Lombards 1ère Guerre des {Lombards} Royaume franc
54%
773-744 Lombards 2e Guerre des {Lombards} Royaume franc
54%
1477-1482 Etats bourguignons et maison de Habsbourg Guerre de succession de {Bourgogne} Royaume de France
51%
1297-1305 Comte de Flandre Guerre de {Flandre} Royaume de France
49%
791-805 Avars Guerre des {Avars} Royaume franc
49%
761-768 Aquitains et Vascons Guerre d'{Aquitaine} Royaume franc
48%
1455-1485 Duché de Bourgogne et maison d'York Guerre des {Deux}-{Roses} Royaumes de France et d'Ecosse et maison de Lancastre
47%
772-804 Saxons Guerre des {Saxons} Royaume franc
46%
1733-1738 Empire russe, archiduché d'Autriche et électorat de Saxe Guerre de succession de {Pologne} Royaumes de France, d'Espagne et de Sardaigne
45%
1580-1583 Monarchie espagnole et partisans de Philippe II Guerre de succession du {Portugal} Royaume de France, Province Unies et partisans d'Antoine de Portugal
40%
1487-1491 Duché de Bretagne, royaumes d'Angleterre, de Castille et de Léon, Saint-Empire Guerre de {Bretagne} Royaume de France
39%
523-533 Royaume de Burgondie Guerre de {Burgondie} Royaume des Francs
35%
1595-1598 Royaume d'Espagne Guerre {franco}-{espagnole} Royaumes de France et d'Angleterre, Provinces Unies
34%
1635-1659 Royaume d'Espagne Guerre {franco}-{espagnole} Royaume de France
34%
1213-1214 Empire Plantagenêt Guerre {franco}-{anglaise} Royaume de France
33%
1778-1783 Royaume d'Angleterre Guerre {franco}-{anglaise} Royaumes de France et d'Espagne et Provinces Unies
33%
1672-1676 Provinces Unies, Saint-Empire, archiduché d'Autriche, marche de Brandebourg, Royaume d'Espagne, Danemark Guerre de {Hollande} Royaumes de France, d'Angleterre, de Suède, électorat de Cologne et principauté de Munster
28%
1667-1668 Royaumes d'Espagne, de Suède et d'Angleterre, Provinces Unies Guerre de {Dévolution} Royaume de France
24%
1600-1601 Duché de Savoie Guerre {franco}-{savoyarde} Royaume de France
23%
535-53 Empire romain d'Orient Guerre des {Goths} Royaumes ostrogoth, wisigoth, franc et les Alamans
21%
1688-1697 Royaume d'Angleterre, d'Espagne, de Portugal, d'Ecosse et de Suède (1688-1691), Provinces Unies, Saint-Empire, archiduché d'Autriche, duché de Savoie Guerre de la {Ligue} d'{Augsbourg} Royaume de France, Empire ottoman et partisans des Stuart
19%
1462-1472 Principauté de Catalogne, Royaume de Portugal, duché de Lorraine et royaume de Castille Guerre civile {catalane} Royaume de France, couronnes de Castille et d'Aragon
18%
1224-1226 Empire Plantagenêt Guerre du {Poitou} Royaume de France
17%
1485-1488 Duchés de Lorraine, de Bretagne, Saint Empire, Royaumes d'Angleterre, de Castille et de Léon Guerre {folle} Royaume de France
17%
1663-1664 Empire Ottoman 1ère Guerre {austro}-{turque} Royaume de France, archiduché d'Autriche et Saint-Empire
16%
843-851 Royaume de Bretagne et Vikings Guerre {franco}-{bretonne} Royaume de France
16%
1681-1685 Régence de Tripoli et Tunisie Guerre {franco}-{tripolitaine} Royaume de France
13%
1294-1303 Royaume d'Angleterre Guerre de {Guyenne} Royaume de France
12%
600-793 Royaume de Frise Guerre {franco}-{frisonne} Royaume franc
12%
1215-1217 Empire Plantagenêt 1ère Guerre des {Barons} Royaume de France
11%
1718-1720 Royaume d'Espagne Guerre de la {quadruple} {alliance} Royaumes de France et d'Angleterre, Provinces Unies, Saint-Empire, archiduché d'Autriche et duché de Savoie
10%
1683-1684 Royaume d'Espagne Guerre des {Réunions} Royaume de France
8%
1242 Royaume d'Angleterre et Maison de Lusignan Guerre de {Saintonge} Royaume de France et Comté de Poitiers
7%
1609-1614 Saint-Empire, Principauté de Strasbourg Guerre de succession de {Juliers} Royaumes de France et d'Angleterre, Provinces Unies, duché de Palatinat, marche de Brandebourg
5%
1628-1631 Saint-Empire, Royaume d'Espagne, République de Gênes, duché de Savoie Guerre de succession de {Mantoue} Royaume de France, république de Venise, Provinces Unies
5%
1323-1327 Royaume d'Angleterre Guerre de {Saint-Sardos} Royaume de France
2%
1548-1550 Royaume d'Angleterre Guerre du {rough} {Wooing} Royaumes de France et d'Ecosse
2%
584-585 Royaume d'Aquitaine Guerre de {succession} {mérovingienne} Royaume franc
1%
Aucun quiz correspondant
Distribution des résultats
% des personnes avec chaque résultat
Percentile par nombre de réponses
Votre historique - résultats
Vous n’avez pas pris ce quiz